Statystyki dla Zgadnij co to za postać z Miraculous | Część #10

Kliknij tutaj aby rozwiązać quiz!

Ogólne statystyki

  • Ten quiz został rozwiązany 13 razy
  • Średni wynik to 11 z 16

Statystyki odpowiedzi

Odpowiedź% Poprawnych
Kolekcjoner
100%
Gracz
88%
Lisica
88%
Sajmon mówi
88%
Antybiedrona
75%
Królowa Wizji
75%
Lalkarka
75%
Miś Goryczek
75%
Mrożownik
75%
Reflekta
75%
Bobogigant
63%
Komplikatorka
63%
Kung Zup
63%
Pixelator
50%
Diablo rockman
38%
Riposta
38%

Rozkład punktacji

Percentyl według liczby udzielonych odpowiedzi

Procent ludzi z każdym wynikiem

Twoja historia wyników

Nie rozwiązałeś tego quizu